Central Library OPAC University of Rajshahi

Starch and its components / (Record no. 10804)

MARC details
000 -LEADER
fixed length control field 00825cam a22002772 4500
001 - CONTROL NUMBER
control field 10804
003 - CONTROL NUMBER IDENTIFIER
rucl marc code BD RJUL
005 - DATE AND TIME OF LATEST TRANSACTION
control field 20211208235023.0
008 - FIXED-LENGTH DATA ELEMENTS--GENERAL INFORMATION
fixed length control field 250114s1975 stkaf b 001 0 eng
020 ## - INTERNATIONAL STANDARD BOOK NUMBER
International Standard Book Number 0852242514
035 ## - SYSTEM CONTROL NUMBER
System control number BD RJUL
040 ## - CATALOGING SOURCE
Original cataloging agency DLC
Transcribing agency DLC
Modifying agency OCL
-- BD RJUL
Language of cataloging eng
041 ## - LANGUAGE CODE
Language code of text/sound track or separate title eng
082 ## - DEWEY DECIMAL CLASSIFICATION NUMBER
Classification number 547.782
Author mark and year BAS 19754
100 1# - MAIN ENTRY--PERSONAL NAME
Personal name Banks, W.
9 (RLIN) 33410
245 10 - TITLE STATEMENT
Title Starch and its components /
Statement of responsibility, etc. by W. Banks and C. T. Greenwood.
260 ## - PUBLICATION, DISTRIBUTION, ETC. (IMPRINT)
Place of publication, distribution, etc. Edinburgh :
Name of publisher, distributor, etc. Edinburgh University Press,
Date of publication, distribution, etc. c1975.
300 ## - PHYSICAL DESCRIPTION
Pagination xi, 342 p., [4] leaves of plates :
Illustrations ill. ;
Size 24 cm.
500 ## - GENERAL NOTE
General note Includes indexes.
504 ## - BIBLIOGRAPHY, ETC. NOTE
Bibliography, etc Bibliography: p. 309-325.
650 #0 - SUBJECT ADDED ENTRY--TOPICAL TERM
Topical term or geographic name as entry element Starch.
9 (RLIN) 33411
700 1# - ADDED ENTRY--PERSONAL NAME
Personal name Greenwood, C. T.
Fuller form of name (Charles Trevor)
942 ## - ADDED ENTRY ELEMENTS (KOHA)
Source of classification or shelving scheme Dewey Decimal Classification
Koha item type Books
Holdings
Lost status Source of classification or shelving scheme Damaged status Not for loan Collection code Permanent Location Current Location Shelving location Date acquired Source of acquisition Cost, normal purchase price Total Checkouts Full call number Date last seen Copy number Koha item type
  Dewey Decimal Classification   Not For Loan Non-fiction Central Library, University of Rajshahi Central Library, University of Rajshahi Reading Room 12/10/1979 Heffers 10.00   547.782 BAS 1975 25/01/2014 C-1 Books